World Cup Qualifying top scorers - Statistics

General Stats
  • This quiz has been taken 16 times
  • The average score is 5 of 12
Answer Stats
Goals Country Player % Correct
14 Portugal Cristiano Ronaldo
100%
9 Belgium Romelu Lukaku
80%
11 Poland Robert Lewandowski
73%
9 Australia Tim Cahill
73%
9 Uruguay Edinson Cavani
67%
16 United Arab Emirates Ahmed Khalil
20%
9 Guatemala Carlos Ruiz
20%
9 United Arab Emirates Ali Mabkhout
13%
9 Qatar Hassan Al-Haidos
13%
16 Saudi Arabia Mohammad Al-Sahlawi
13%
10 Syria Omar Kharbin
13%
9 Iran Sardar Azmoun
13%
No matching quizzes found
Score Distribution
Percent of People with Each Score
Percentile by Number Answered
Your Score History
You have not taken this quiz